00175nam a2200061Ia 4500245003100000100004100031008004100072 0aEentonig klop die maswiel  a DU PREEZ, Schalk Pretoria, 1995 210817s9999 xx 000 0 und d